| 000 | 01227nam a2200265 a 4500 | ||
|---|---|---|---|
| 003 | PILC | ||
| 005 | 20160215080833.0 | ||
| 008 | 120903s19uu xx 00 eng d | ||
| 020 | _a9781849206266 | ||
| 050 |
_aBF 637.C6 _b.T682 2011 |
||
| 100 | _aBor, Robert. | ||
| 245 |
_aThe trainee handbook : _ba guide for counselling and psychotherapy trainees / _cedited by Robert Bor and Mary Watts. |
||
| 250 | _a3rd edition. | ||
| 260 |
_aLos Angeles ; London : _bSAGE, _c2011. |
||
| 300 |
_a382 pages ; _c26 cm. |
||
| 500 | _aIncludes bibliographical references and index. | ||
| 520 | _aA companion to training in counselling, counselling psychology, and psychotherapy, this book identifies the broader knowledge and skills you needed to succeed in training. It examines issues which affect practitioners in the early stages of professional development and is intended for those undertaking training in one of the therapy professions. | ||
| 650 |
_aEducation, Graduate _xGreat Britain. |
||
| 650 |
_aPsychotherapy _xEducation _xGreat Britain. |
||
| 650 |
_aCounseling _xEducation _xGreat Britain. |
||
| 650 |
_aCounseling _xHandbooks, manuals, etc. |
||
| 700 | _aWatts, Mary H. | ||
| 942 |
_cBK _2lcc _kFOR |
||
| 999 |
_c25305 _d25305 |
||